00757nam a2200241 a 4500001001300000003000900013005001700022008004100039020002300080082001600103100001500119245008100134260003200215300001000247500003500257505002000292650002900312700001500341902000800356942000700364952012900371999001500500nice12345678IN_TiNIC20260116013128.0050524s1985 bosa grp 000 0 eng  a0807032 c52000a230.82bDAL aDaly, Mary aBeyond God Fatherb Toward a Philosophy of Women`s Liberation With on Origin aBostonbBeacon Press c1985 a225p. aincludes index and biblioraphy2 aIndex of author aWomen-Christian Theology1 aDaly, Mary bSRS cBK 001040708StackRoom-aHMIbHMId2007-06-14g520.00l2o230.82 DALp019634r2019-09-24s2019-09-13v520.00w2005-05-24yBK c9776d9776